Handbook of plumbing (Record no. 9818)

000 -LEADER
fixed length control field 00314nam a2200145Ia 4500
003 - CONTROL NUMBER IDENTIFIER
control field OSt
005 - DATE AND TIME OF LATEST TRANSACTION
control field 20220304101710.0
008 - FIXED-LENGTH DATA ELEMENTS--GENERAL INFORMATION
fixed length control field 220112s9999||||xx |||||||||||||| ||und||
020 ## - INTERNATIONAL STANDARD BOOK NUMBER
International Standard Book Number 9789352694358
082 ## - DEWEY DECIMAL CLASSIFICATION NUMBER
Classification number 696
Item number RIT
100 ## - MAIN ENTRY--PERSONAL NAME
Personal name Ritesh Nair
245 #0 - TITLE STATEMENT
Title Handbook of plumbing
260 ## - PUBLICATION, DISTRIBUTION, ETC. (IMPRINT)
Name of publisher, distributor, etc Random
942 ## - ADDED ENTRY ELEMENTS (KOHA)
Source of classification or shelving scheme
Holdings
Withdrawn status Lost status Source of classification or shelving scheme Damaged status Koha normalized classification for sorting Not for loan Permanent location Current location Date acquired Source of acquisition Cost, normal purchase price Total Checkouts Total Renewals Full call number Barcode Date last seen Date last borrowed Cost, replacement price Price effective from Koha item type
        696_000000000000000_RIT   BMS College of Architecture, Design and Planning BMS College of Architecture, Design and Planning 2022-05-25 4 1646.25 1 2 696 RIT AR-UG2401 2026-01-01 2025-11-26 2195.00 2022-05-25 UG Books
Copyright © 2025, The Librarian, Library and Information Centre, BMSCA D&P, Bengaluru. All Rights Reserved
web counter

Powered by Koha